Návrh parametrov zvárania Ni a Ti laserovým lúčom
Enregistré dans:
| Auteur principal: | |
|---|---|
| Autres auteurs: | |
| Format: | Manuscrit Livre |
| Langue: | slovaque |
| Publié: |
2020
|
| Sujets: | |
| Accès en ligne: | http://is.stuba.sk/zp/portal_zp.pl?podrobnosti=151266 |
| Tags: |
Pas de tags, Soyez le premier à ajouter un tag!
|
MARC
| LEADER | 00000ntm a22000003a 4500 | ||
|---|---|---|---|
| 001 | stuzp78361 | ||
| 003 | SK-STU | ||
| 005 | 20200704212009.9 | ||
| 007 | ta | ||
| 008 | 150427s2015----xo-----f-mn---000-0-slo-d | ||
| 040 | |a STU |b slo | ||
| 041 | 0 | |a slo | |
| 100 | 1 | |a Lipár, Tomáš |u 063000 |k Z4 |4 aut |U MTF Materiálovotechnologická fakulta |T MTF Ústav výrobných technológií |X 80181 |U M3000 |Y 83 |7 80181 | |
| 242 | 0 | 1 | |a Design of welding parameters for laser welding of Ni and Ti |y eng |
| 245 | 1 | 0 | |a Návrh parametrov zvárania Ni a Ti laserovým lúčom |
| 260 | |c 2020 | ||
| 650 | 4 | |a zváranie laserovým lúčom |2 slo | |
| 650 | 4 | |a nikel 201 |2 slo | |
| 650 | 4 | |a titán grade 2 |2 slo | |
| 650 | 4 | |a metalografická analýza |2 slo | |
| 650 | 4 | |a mikrotvrdosť |2 slo | |
| 650 | 4 | |a laser beam welding |2 eng | |
| 650 | 4 | |a nickel 201 |2 eng | |
| 650 | 4 | |a titanium grade 2 |2 eng | |
| 650 | 4 | |a metallographic analysis |2 eng | |
| 650 | 4 | |a microhardness |2 eng | |
| 700 | 1 | |a Kovaříková, Ingrid |u 063100 |k Z2 |4 ths |U MTF Ústav výrobných technológií |T MTF Katedra zvárania a spájania materiálov |X 2770 |U M3100 |Y 162 |7 A000002770 | |
| 856 | 4 | |u http://is.stuba.sk/zp/portal_zp.pl?podrobnosti=151266 | |
| 996 | |c M* DP-14315 |l MMSKP |s P |a 0 |w stuzp78361_0001 | ||